| 000 | 00855nam a2200265Ia 4500 | ||
|---|---|---|---|
| 003 | OSt | ||
| 005 | 20220925231930.0 | ||
| 006 | a|||||r|||| 00| 0 | ||
| 007 | ta | ||
| 008 | 220923b |||||||| |||| 00| 0 eng d | ||
| 037 | _cGeneral Book | ||
| 040 |
_aRTL _cRTL _beng |
||
| 041 |
_2eng _aeng |
||
| 082 | _aU42.1(X).N9, N8 | ||
| 100 |
_aBilsborrow Richard E Ed. _9296383 |
||
| 245 | 0 |
_aMigration, urbanization, and development _b New directions and issues |
|
| 260 |
_aMassachusetts _bKluwer Academic publishers _c1998 |
||
| 300 |
_aix, 513p _ccm. |
||
| 490 | _aSymposium on Internal Migration and Urbanization | ||
| 500 | _aBibliography chapterwise | ||
| 650 |
_a Anthropogeography _9277387 |
||
| 650 |
_aMigrtion _9296384 |
||
| 942 |
_hU42.1(X).N9, N8 _cGB _2CC |
||
| 999 |
_c589815 _d589815 |
||